Biological diversity and probability of local extinction of ecosystems (Registro nro. 11962)

Detalles MARC
000 -CABECERA
Campo de control 004960000a22001690004500
090 ## - CLASIFICACIÓN LOCAL
Colección AR
Consecutivo 02902
041 0# - IDIOMA
Código de idioma para texto/pista de sonido o título separado
100 1# - ASIENTO PRINCIPAL--NOMBRE PERSONAL
Nombre personal Nijs, I.
245 10 - MENCION DE TITULO
Título Biological diversity and probability of local extinction of ecosystems
650 14 - ASIENTO SECUNDARIO DE MATERIA - TERMINO TEMATICO
Término temático o nombre geográfico como elemento de entrada Ecosistemas en peligro
650 14 - ASIENTO SECUNDARIO DE MATERIA - TERMINO TEMATICO
Término temático o nombre geográfico como elemento de entrada Riqueza de especies
650 14 - ASIENTO SECUNDARIO DE MATERIA - TERMINO TEMATICO
Término temático o nombre geográfico como elemento de entrada Modelación
650 14 - ASIENTO SECUNDARIO DE MATERIA - TERMINO TEMATICO
Término temático o nombre geográfico como elemento de entrada Ecología
700 1# - ASIENTO SECUNDARIO - NOMBRE PERSONAL
Nombre personal Impens, I.
773 1# - Item fuente:
Título Functional Ecology
Especificación de materiales 310
Paginas del Articulo 46-54
Lugar, editorial y fecha de publicación 2000
Información sobre la relación 14
942 ## - ELEMENTOS ADICIONALES (KOHA)
Tipo de ítem Artículo
Existencias
Withdrawn status Lost status Damaged status No para préstamo Colección Ubicación Permanente Ubicación actual Fecha de adquisición Datos de publicación Seriada Total Checkouts Número topográfico Inventario / Código de Barras Date last seen Ejemplar Price effective from Forma de adquisición Tipo de material
      No para Préstamo Hemeroteca Bogotá Bogotá 27/02/2015 Fuera de circulación   AR 02902 013311 25/03/2015 1 25/03/2015   Artículo